000 01057nam a2200313 a 4500
008
020 _a9781437705805 (hardback)
040 _aNUST
_cNUST
049 _aMAIN
090 _aRD520
_bDER
245 1 0 _aDermatologic and cosmetic procedures in office practice/
_c Richard P Usatine ; John L Pfenninger ; Daniel L Stulberg & Rebecca Small.
260 _aPhiladelphia, PA :
_bElsevier/Saunders,
_c2012.
300 _axvi, 527 pages :
_bcolour illustrations ;
_c29 cm.
336 _atext
_btxt
_2rdacontent
337 _aunmediated
_bn
_2rdamedia
338 _avolume
_bnc
_2rdacarrier
500 _aIncludes index.
650 1 _aMedical offices.
650 _aSkin
_xSurgery.
650 _aSurgery, Plastic.
700 _aUsatine, Richard P.,
_aauthor.
700 _aPfenninger, John L.,
_aauthor.
700 _aStulberg, Daniel L.,
_aauthor.
700 _aSmall, Rebecca.,
_aauthor.
907 _a.b10403309
_b02-06-21
_c02-06-21
003
005 20230120204303.0
942 _cBOOKS
_kRD520
_mDER
999 _c120504
_d120504